000 00339nam a2200133Ia 4500
008 190722s9999 xx 000 0 und d
020 _a978-81-265-5674-8
100 _aUma Sekaran
245 0 _aResearch Methods for Business a skill building approach
250 _a6th
260 _aIndia
_bWiley
_c2016
300 _a423
942 _cBK
999 _c1111
_d1111